[Event "CAN-ch extra"]
[Site "Kingston CAN"]
[Date "2019.04.21"]
[Round "7.51"]
[White "Gougeon, Patrick"]
[Black "Dixon, Frank"]
[Result "0-1"]
[WhiteElo "1204"]
[BlackElo "1876"]
[PlyCount "58"]
[EventDate "2019.04.18"]
[EventType "swiss"]
[EventRounds "9"]
[EventCountry "CAN"]

1. f4 d5 2. Nf3 Nf6 3. g3 c5 4. Bg2 Nc6 5. c3 g6 6. O-O Bg7 7. d3 O-O 8. Na3
Rb8 9. Qe1 b5 10. e4 b4 11. Nc2 bxc3 12. b3 dxe4 13. dxe4 Ba6 14. Rf2 Ng4 15.
Be3 Nxf2 16. Bxf2 Qa5 17. e5 Rbd8 18. Be3 Bd3 19. Qc1 Nb4 20. Nfe1 Be2 21. Qa3
Qxa3 22. Nxa3 Rc8 23. Kf2 Ba6 24. Rc1 Rfd8 25. Rxc3 Nd5 26. Rxc5 Nxe3 27. Ra5
Ng4+ 28. Kg1 Rd1 29. Nac2 Rxc2 0-1

[Event "CAN-ch extra"]
[Site "Kingston CAN"]
[Date "2019.04.22"]
[Round "8.39"]
[White "Paulsen, Lorenz"]
[Black "Laurin, Marcel"]
[Result "0-1"]
[WhiteElo "1434"]
[BlackElo "1680"]
[PlyCount "62"]
[EventDate "2019.04.18"]
[EventType "swiss"]
[EventRounds "9"]
[EventCountry "CAN"]

1. d4 d5 2. c4 e5 3. dxe5 d4 4. a3 c5 5. Nf3 Nc6 6. Bf4 Be7 7. e4 Bg4 8. Nbd2
f6 9. Qa4 Qd7 10. h3 Bxf3 11. Nxf3 g5 12. Bg3 fxe5 13. Nxe5 Nxe5 14. Qxd7+ Nxd7
15. e5 h5 16. h4 gxh4 17. Bf4 Nf8 18. Bd3 Nh6 19. Be4 O-O-O 20. f3 Ne6 21. g3
Nxf4 22. gxf4 Rhf8 23. O-O-O Rxf4 24. Bd5 Nf5 25. Be6+ Kb8 26. Bxf5 Rxf5 27.
Rdg1 Bg5+ 28. Kb1 Rxe5 29. f4 Bxf4 30. Rxh4 Be3 31. Rg7 d3 0-1

[Event "CAN-ch extra"]
[Site "Kingston CAN"]
[Date "2019.04.22"]
[Round "9.50"]
[White "Murray, Brian"]
[Black "Hay, Jonathan"]
[Result "1/2-1/2"]
[WhiteElo "1377"]
[BlackElo "1075"]
[PlyCount "57"]
[EventDate "2019.04.18"]
[EventType "swiss"]
[EventRounds "9"]
[EventCountry "CAN"]

1. e4 c5 2. Nf3 d6 3. Bb5+ Nc6 4. c3 a6 5. Bc4 b5 6. Bd5 Qc7 7. d3 e6 8. Bxc6+
Qxc6 9. b3 Nf6 10. Nbd2 Be7 11. Bb2 O-O 12. a3 e5 13. c4 Bg4 14. Nf1 Rab8 15.
Ne3 Be6 16. Rc1 bxc4 17. Ng5 cxb3 18. Nxe6 fxe6 19. O-O a5 20. Nc4 a4 21. Qd2
Bd8 22. f4 exf4 23. Rxf4 e5 24. Rf3 Bc7 25. Rcf1 Bd8 26. Qg5 Qc7 27. Ne3 Be7
28. Nf5 Rf7 29. Nh6+ 1/2-1/2

[Event "CAN-op"]
[Site "Regina CAN"]
[Date "2019.07.12"]
[Round "1.1"]
[White "Chandra, Anand Rishi"]
[Black "Cherniaev, Alexander"]
[Result "0-1"]
[WhiteElo "1883"]
[BlackElo "2396"]
[PlyCount "64"]
[EventDate "2019.07.12"]
[EventType "swiss"]
[EventRounds "9"]
[EventCountry "CAN"]

1. e4 g6 2. d4 Bg7 3. Nc3 a6 4. Be3 d6 5. Qd2 Nd7 6. f3 b5 7. h4 h6 8. O-O-O
Nb6 9. Bd3 c6 10. f4 h5 11. f5 gxf5 12. exf5 Nc4 13. Bxc4 bxc4 14. g4 hxg4 15.
Qg2 Nh6 16. Qxc6+ Bd7 17. Qxc4 Nxf5 18. Bg5 Qc8 19. Qe2 Qb7 20. Ne4 Bc6 21. Re1
Bxd4 22. c3 Be5 23. Qxg4 Rb8 24. b3 Qc8 25. Rh3 Ng7 26. Qd1 Ne6 27. Rd3 Bxe4
28. Rxe4 Nc5 29. Ree3 Nxd3+ 30. Qxd3 f6 31. Qg6+ Kd7 32. Bh6 Qg8 0-1

[Event "CAN-op"]
[Site "Regina CAN"]
[Date "2019.07.12"]
[Round "1.2"]
[White "Sohal, Tanraj"]
[Black "Bince, Rolando"]
[Result "1-0"]
[WhiteElo "2241"]
[BlackElo "1857"]
[PlyCount "69"]
[EventDate "2019.07.12"]
[EventType "swiss"]
[EventRounds "9"]
[EventCountry "CAN"]

1. d4 d5 2. c4 Nc6 3. Nc3 Nf6 4. Nf3 Bg4 5. e3 e6 6. Be2 Bb4 7. O-O Bxc3 8.
bxc3 O-O 9. cxd5 exd5 10. Bb2 Bxf3 11. gxf3 Na5 12. Kh1 Re8 13. Rg1 g6 14. Rc1
b6 15. c4 c6 16. cxd5 cxd5 17. Ba6 Qd7 18. Qe2 Re6 19. Rc2 Rc6 20. Rxc6 Qxc6
21. Rc1 Qe6 22. Ba3 Ne8 23. Bb4 Rb8 24. Qc2 b5 25. Qc5 Nf6 26. Bc8 Nd7 27. Bxd7
Qxd7 28. Bxa5 Qf5 29. Kg2 Qg5+ 30. Kf1 Re8 31. Qxb5 Qe7 32. Qxd5 Qa3 33. Rc7
Qd3+ 34. Kg2 Re6 35. Bb4 1-0

[Event "CAN-op"]
[Site "Regina CAN"]
[Date "2019.07.12"]
[Round "1.3"]
[White "Ratte, Cameron"]
[Black "Zhao, Ian"]
[Result "0-1"]
[WhiteElo "1857"]
[BlackElo "2198"]
[PlyCount "96"]
[EventDate "2019.07.12"]
[EventType "swiss"]
[EventRounds "9"]
[EventCountry "CAN"]

1. e4 e5 2. Nf3 Nc6 3. Bb5 a6 4. Ba4 Nf6 5. O-O Be7 6. Re1 b5 7. Bb3 d6 8. c3
O-O 9. h3 Nb8 10. d4 Nbd7 11. Nbd2 Bb7 12. Bc2 Re8 13. Nf1 Bf8 14. Ng3 g6 15.
b3 Bg7 16. d5 Rc8 17. c4 c6 18. Be3 Nb6 19. Nd2 Qc7 20. Rc1 bxc4 21. bxc4 a5
22. dxc6 Bxc6 23. c5 dxc5 24. Bxc5 Nfd7 25. Ba3 Bh6 26. Bd3 Qa7 27. Qe2 Na4 28.
Rc2 Ndc5 29. Bb5 Bxd2 30. Bxc6 Bxe1 31. Bxe8 Rxe8 32. Qxe1 Nd3 33. Qe2 Rd8 34.
Rd2 Qd4 35. Kh2 Nc3 36. Qe3 Nb1 37. Be7 Nxd2 38. Bxd8 Qxe3 39. fxe3 a4 40. Ba5
Nc4 41. Bc3 Nxe3 42. Kg1 f6 43. Nh1 Kf7 44. Bd2 Nc4 45. Bc3 Nc1 46. Kf2 Nxa2
47. Be1 Nc1 48. Ng3 Nd3+ 0-1

[Event "CAN-op"]
[Site "Regina CAN"]
[Date "2019.07.12"]
[Round "1.4"]
[White "Haessel, Dale"]
[Black "Wei, Daniel"]
[Result "1-0"]
[WhiteElo "2148"]
[BlackElo "1840"]
[PlyCount "55"]
[EventDate "2019.07.12"]
[EventType "swiss"]
[EventRounds "9"]
[EventCountry "CAN"]

1. d4 d5 2. c4 e6 3. Nc3 c6 4. e4 dxe4 5. Nxe4 Bb4+ 6. Nc3 Nf6 7. Nf3 c5 8. a3
Ba5 9. Be3 Nc6 10. Be2 Ng4 11. O-O cxd4 12. Bxd4 Nxd4 13. Nxd4 Bxc3 14. bxc3
Ne5 15. Qa4+ Kf8 16. Rfd1 Qe7 17. Qa5 f6 18. Nf5 exf5 19. Rd8+ Kf7 20. Rxh8 Kg6
21. Qb4 Qe6 22. c5 f4 23. Qxf4 Nf7 24. Qg3+ Ng5 25. Bd3+ Kf7 26. h4 Ne4 27.
Qc7+ Bd7 28. Rxa8 1-0

[Event "CAN-op"]
[Site "Regina CAN"]
[Date "2019.07.12"]
[Round "1.5"]
[White "Albzour, Abdalsalam"]
[Black "Malek, Omid"]
[Result "0-1"]
[WhiteElo "1794"]
[BlackElo "2141"]
[PlyCount "56"]
[EventDate "2019.07.12"]
[EventType "swiss"]
[EventRounds "9"]
[EventCountry "CAN"]

1. e4 e6 2. Nf3 d5 3. exd5 exd5 4. d4 Nf6 5. Nc3 Bb4 6. Bd2 O-O 7. Be2 Nc6 8.
O-O Re8 9. h3 Bf5 10. a3 Bxc3 11. Bxc3 Ne4 12. Bd2 Qf6 13. Be3 h6 14. c3 Nd6
15. Re1 Be4 16. Nd2 Ne7 17. Bf3 Bg6 18. Rc1 c6 19. c4 dxc4 20. Nxc4 Nxc4 21.
Rxc4 Qd6 22. Qc1 Nf5 23. Qc3 Nh4 24. Be2 Be4 25. Bf1 Qg6 26. g3 Nf3+ 27. Kh1
Nxe1+ 28. Kh2 Nf3+ 0-1

[Event "CAN-op"]
[Site "Regina CAN"]
[Date "2019.07.12"]
[Round "1.8"]
[White "Hemstapat, Andrew"]
[Black "Chen, Andrew"]
[Result "1-0"]
[WhiteElo "2069"]
[BlackElo "1778"]
[PlyCount "53"]
[EventDate "2019.07.12"]
[EventType "swiss"]
[EventRounds "9"]
[EventCountry "CAN"]

1. e4 e5 2. Bc4 Nf6 3. d4 exd4 4. Nf3 Bb4+ 5. c3 dxc3 6. bxc3 Bc5 7. O-O O-O 8.
e5 Ne8 9. Ng5 h6 10. Nxf7 Rxf7 11. Bxf7+ Kxf7 12. Qd5+ Kf8 13. Qxc5+ d6 14. Qd5
Nc6 15. exd6 Nxd6 16. Ba3 Ne7 17. Qf3+ Kg8 18. Nd2 c6 19. Rad1 Nf7 20. Nb3 Qc7
21. Rfe1 Ng6 22. Qe4 Nge5 23. Bd6 Nxd6 24. Qxe5 Nb5 25. Qe8+ Kh7 26. Qe4+ Kh8
27. Qg6 1-0

[Event "CAN-op"]
[Site "Regina CAN"]
[Date "2019.07.12"]
[Round "1.9"]
[White "Dixit, Arun"]
[Black "Wiebe, Isaac"]
[Result "0-1"]
[WhiteElo "1775"]
[BlackElo "2062"]
[PlyCount "80"]
[EventDate "2019.07.12"]
[EventType "swiss"]
[EventRounds "9"]
[EventCountry "CAN"]

1. d4 d5 2. Nf3 Nf6 3. Bf4 c5 4. e3 Nc6 5. c3 Qb6 6. b3 Bf5 7. Be2 cxd4 8. exd4
h6 9. O-O e6 10. Ne5 Be7 11. Nd2 O-O 12. Ndf3 Rfc8 13. c4 dxc4 14. bxc4 Nxe5
15. Bxe5 Nd7 16. Bg3 Bf6 17. Qd2 Nb8 18. c5 Qd8 19. Qb4 Qd7 20. Bb5 Nc6 21. Qa4
a6 22. Bxc6 Qxc6 23. Qxc6 Rxc6 24. Ne5 Rcc8 25. Rac1 Rd8 26. Rfd1 Rd5 27. c6
bxc6 28. Nxc6 Rb5 29. a4 Rb2 30. Rc5 Bc2 31. Rc1 Bxa4 32. Be5 Bxc6 33. Rxc6 a5
34. Bxf6 gxf6 35. d5 exd5 36. Rc8+ Rxc8 37. Rxc8+ Kg7 38. Kf1 a4 39. Ra8 Ra2
40. Ra5 a3 0-1

[Event "CAN-op"]
[Site "Regina CAN"]
[Date "2019.07.12"]
[Round "1.10"]
[White "Huang, Patrick"]
[Black "Green, Jim"]
[Result "1-0"]
[WhiteElo "2055"]
[BlackElo "1772"]
[PlyCount "67"]
[EventDate "2019.07.12"]
[EventType "swiss"]
[EventRounds "9"]
[EventCountry "CAN"]

1. d4 d5 2. Bf4 Nf6 3. e3 e6 4. Nf3 Bd6 5. Bg3 Bxg3 6. hxg3 Nc6 7. c3 Bd7 8.
Nbd2 Ne4 9. Nxe4 dxe4 10. Nd2 f5 11. Qh5+ Ke7 12. g4 g6 13. Qh4+ Kf7 14. gxf5
exf5 15. Qf4 Kg7 16. Qh6+ Kf7 17. g4 Qf6 18. gxf5 gxf5 19. Qf4 Qd6 20. Bc4+ Ke7
21. Qg5+ Qf6 22. Qg3 Rac8 23. O-O-O Na5 24. Rdg1 Nxc4 25. Nxc4 Be6 26. Na5 f4
27. exf4 Rcg8 28. Qe3 Rxg1+ 29. Rxg1 Bf5 30. f3 Re8 31. fxe4 Kd7 32. Nxb7 Kc8
33. Nc5 Bg6 34. Qh3+ 1-0

[Event "CAN-op"]
[Site "Regina CAN"]
[Date "2019.07.12"]
[Round "1.11"]
[White "McDonald, Mike"]
[Black "Mills, Morgon"]
[Result "0-1"]
[WhiteElo "1741"]
[BlackElo "2036"]
[PlyCount "42"]
[EventDate "2019.07.12"]
[EventType "swiss"]
[EventRounds "9"]
[EventCountry "CAN"]

1. e4 c6 2. Nf3 d5 3. Nc3 Nf6 4. e5 Ne4 5. Ne2 Qb6 6. d4 e6 7. Ng3 c5 8. Bd3
cxd4 9. a3 Nxg3 10. hxg3 Nc6 11. b4 Qc7 12. Bb5 Bd7 13. Bxc6 Qxc6 14. Bb2 Qc7
15. Qe2 Rc8 16. Nxd4 Qc4 17. Rh4 Be7 18. Rg4 g5 19. O-O-O h5 20. Rh1 Ba4 21. f3
Qxe2 0-1

[Event "CAN-op"]
[Site "Regina CAN"]
[Date "2019.07.12"]
[Round "1.12"]
[White "Wolchock, Theo"]
[Black "Srinivasan, Hermant"]
[Result "1/2-1/2"]
[WhiteElo "2032"]
[BlackElo "1688"]
[PlyCount "53"]
[EventDate "2019.07.12"]
[EventType "swiss"]
[EventRounds "9"]
[EventCountry "CAN"]

1. e4 c6 2. Nf3 d5 3. Nc3 dxe4 4. Nxe4 Bf5 5. Ng3 Bg6 6. h4 h6 7. Ne5 Bh7 8.
Qh5 g6 9. Bc4 e6 10. Qe2 Qe7 11. d4 Nf6 12. Bd2 Nbd7 13. O-O-O O-O-O 14. Bf4
Nb6 15. Nxf7 Nxc4 16. Nxd8 Nd5 17. Qxc4 Nxf4 18. Nxc6 bxc6 19. Qxc6+ Qc7 20.
Qe8+ Qd8 21. Qc6+ Qc7 22. Qe8+ Qd8 23. Qa4 Qb6 24. Qc4+ Qc7 25. Qa6+ Qb7 26.
Qc4+ Qc7 27. Qa6+ 1/2-1/2

[Event "CAN-op"]
[Site "Regina CAN"]
[Date "2019.07.12"]
[Round "1.13"]
[White "Einarsson, Ken"]
[Black "Ehab, Mohamed"]
[Result "0-1"]
[WhiteElo "1682"]
[BlackElo "2006"]
[PlyCount "102"]
[EventDate "2019.07.12"]
[EventType "swiss"]
[EventRounds "9"]
[EventCountry "CAN"]

1. d4 e6 2. c4 Bb4+ 3. Nc3 f5 4. Bd2 Nf6 5. e3 b6 6. Nf3 O-O 7. Be2 Bb7 8. O-O
Bxc3 9. Bxc3 Ne4 10. Qc2 d6 11. Rad1 Nd7 12. Nd2 Qg5 13. Nf3 Qg6 14. Nh4 Qh6
15. Nf3 Ndf6 16. d5 e5 17. h3 Rae8 18. Nd2 Bc8 19. Bf3 Nxc3 20. Qxc3 g5 21. e4
f4 22. Qd3 Kh8 23. Qe2 Qh4 24. Rfe1 Rg8 25. Nf1 Rg6 26. Nh2 h5 27. Rd3 g4 28.
hxg4 hxg4 29. Bxg4 Bxg4 30. Nxg4 Qxg4 31. Qxg4 Rxg4 32. Rh3+ Kg7 33. f3 Rg5 34.
Kf2 Kf7 35. Reh1 Reg8 36. R1h2 a6 37. Rh8 Rxh8 38. Rxh8 Rg8 39. Rh1 Ke7 40. b4
Ra8 41. Rc1 a5 42. b5 a4 43. a3 Kf7 44. Rh1 Kg7 45. Rb1 Nh5 46. Rb4 Ng3 47. Ke1
Kf6 48. Kf2 Ke7 49. Ke1 Rh8 50. Rxa4 Rh1+ 51. Kd2 Rg1 0-1

[Event "CAN-op"]
[Site "Regina CAN"]
[Date "2019.07.12"]
[Round "1.14"]
[White "Demchenko, Kiril"]
[Black "Wang, Elon"]
[Result "1-0"]
[WhiteElo "2004"]
[BlackElo "1529"]
[PlyCount "77"]
[EventDate "2019.07.12"]
[EventType "swiss"]
[EventRounds "9"]
[EventCountry "CAN"]

1. e4 d6 2. d4 Nf6 3. Nc3 g6 4. Nf3 Bg7 5. Bc4 O-O 6. h3 Nxe4 7. Bxf7+ Rxf7 8.
Nxe4 d5 9. Neg5 Rf8 10. Qe2 Nc6 11. Ne6 Bxe6 12. Qxe6+ Kh8 13. c3 Qd6 14. Qxd6
exd6 15. O-O Rae8 16. Be3 Re7 17. Rae1 Rfe8 18. Bd2 Kg8 19. Rxe7 Rxe7 20. Re1
Rxe1+ 21. Nxe1 Kf7 22. Nd3 Ne7 23. g4 Ng8 24. Kf1 Bh6 25. Bxh6 Nxh6 26. Nf4 c6
27. f3 g5 28. Ng2 Ng8 29. h4 Kg6 30. Kf2 Ne7 31. f4 h6 32. hxg5 hxg5 33. Kg3 c5
34. f5+ Kf6 35. Ne3 b5 36. Kf3 a5 37. Ke2 b4 38. Kd3 c4+ 39. Kc2 1-0

[Event "CAN-op"]
[Site "Regina CAN"]
[Date "2019.07.12"]
[Round "1.15"]
[White "Landstrom, William"]
[Black "Yao, Sammy"]
[Result "0-1"]
[WhiteElo "1516"]
[BlackElo "1986"]
[PlyCount "58"]
[EventDate "2019.07.12"]
[EventType "swiss"]
[EventRounds "9"]
[EventCountry "CAN"]

1. e4 c5 2. Nf3 e6 3. d4 cxd4 4. Nxd4 a6 5. Nc3 Qc7 6. Be2 b5 7. O-O Bb7 8. Bf3
Nc6 9. Nxc6 dxc6 10. Ne2 Nf6 11. Ng3 Bd6 12. Qe2 h5 13. Re1 Be5 14. c3 O-O-O
15. a4 Rdg8 16. axb5 cxb5 17. Bd2 g5 18. Qd3 g4 19. Bd1 Rd8 20. Qc2 Bxg3 21.
fxg3 Nxe4 22. Bf4 e5 23. Bc1 f5 24. Be3 h4 25. gxh4 Rxh4 26. g3 Nxg3 27. Bg5
Qc6 28. Bxh4 Qh1+ 29. Kf2 Qxh2+ 0-1

[Event "CAN-op"]
[Site "Regina CAN"]
[Date "2019.07.12"]
[Round "1.16"]
[White "Castillo, Rey"]
[Black "Darvekar, Yash"]
[Result "1-0"]
[WhiteElo "1965"]
[BlackElo "1495"]
[PlyCount "71"]
[EventDate "2019.07.12"]
[EventType "swiss"]
[EventRounds "9"]
[EventCountry "CAN"]

1. c4 c5 2. Nc3 Nc6 3. g3 g6 4. Bg2 Bg7 5. e3 d6 6. Nge2 Be6 7. b3 Nf6 8. d4
cxd4 9. exd4 d5 10. c5 O-O 11. Nf4 Bf5 12. a3 e5 13. dxe5 Nxe5 14. h4 Nfg4 15.
O-O Nd3 16. Nxd3 Bxc3 17. Ra2 Qc7 18. Bf4 Qd7 19. Bd6 Rfe8 20. Bxd5 Nf6 21. Nf4
Be5 22. Bf3 Be4 23. Bxe5 Qxd1 24. Bxd1 Rxe5 25. b4 a5 26. Bb3 h6 27. f3 Bd5 28.
Nxd5 Nxd5 29. f4 Rh5 30. g4 Rxh4 31. Bxd5 Rxg4+ 32. Rg2 Rxg2+ 33. Kxg2 axb4 34.
axb4 Rb8 35. f5 g5 36. f6 1-0

[Event "CAN-op"]
[Site "Regina CAN"]
[Date "2019.07.12"]
[Round "1.17"]
[White "Jiang, Kate"]
[Black "Vasic, Maxim"]
[Result "1/2-1/2"]
[WhiteElo "1463"]
[BlackElo "1964"]
[PlyCount "104"]
[EventDate "2019.07.12"]
[EventType "swiss"]
[EventRounds "9"]
[EventCountry "CAN"]

1. e4 e5 2. Nf3 Nc6 3. Bb5 a6 4. Ba4 Nf6 5. O-O Be7 6. Re1 b5 7. Bb3 d6 8. c3
O-O 9. h3 h6 10. d4 Re8 11. Nbd2 Bf8 12. Bc2 Na5 13. Nf1 Nc4 14. b3 Nb6 15.
dxe5 dxe5 16. Qxd8 Rxd8 17. Nxe5 Bb7 18. Nf3 Re8 19. N1d2 Rad8 20. Bb2 Bc5 21.
c4 Nh5 22. a3 bxc4 23. Nxc4 Nxc4 24. bxc4 Nf4 25. Be5 Nd3 26. Bxd3 Rxd3 27.
Bxc7 Rxe4 28. Rab1 Bc6 29. Ne5 Rd2 30. Nxc6 Bxf2+ 31. Kf1 Bxe1 32. Rxe1 Rxc4
33. Ne7+ Kf8 34. Ba5 Rd7 35. Bb4 Rxb4 36. Ng6+ fxg6 37. axb4 Rd6 38. Kf2 Kf7
39. Re3 Kf6 40. Kf3 Kf5 41. g4+ Kg5 42. Kg3 h5 43. h4+ Kf6 44. g5+ Kf5 45. Rf3+
Ke4 46. Rf7 Kd4 47. Rxg7 Rb6 48. Rc7 Kd5 49. Rf7 Ke5 50. Rc7 Rxb4 51. Rc6 Rb3+
52. Kg2 a5 1/2-1/2

[Event "CAN-op"]
[Site "Regina CAN"]
[Date "2019.07.12"]
[Round "1.18"]
[White "Ma, Derek"]
[Black "Sorgard, Graham"]
[Result "1-0"]
[WhiteElo "1925"]
[BlackElo "1960"]
[PlyCount "50"]
[EventDate "2019.07.12"]
[EventType "swiss"]
[EventRounds "9"]
[EventCountry "CAN"]

1. e4 g6 2. d4 Bg7 3. Nc3 d6 4. Be3 a6 5. f3 b5 6. h4 h5 7. Qd2 Bb7 8. Nh3 Nd7
9. O-O-O c5 10. Ng5 cxd4 11. Bxd4 Ngf6 12. g4 hxg4 13. fxg4 e5 14. Bg1 b4 15.
Nd5 Bxd5 16. exd5 Qa5 17. Kb1 Nb6 18. Bxb6 Qxb6 19. Be2 Bh6 20. Rdf1 Ne4 21.
Qd3 Nc3+ 22. Ka1 Nxe2 23. Nxf7 Nf4 24. Rxf4 Rf8 25. Qxg6 Bxf4 1-0

[Event "CAN-op"]
[Site "Regina CAN"]
[Date "2019.07.12"]
[Round "1.20"]
[White "Windram, James"]
[Black "Basko, Yauheni"]
[Result "1-0"]
[WhiteElo "1907"]
[BlackElo "1800"]
[PlyCount "65"]
[EventDate "2019.07.12"]
[EventType "swiss"]
[EventRounds "9"]
[EventCountry "CAN"]

1. e4 e6 2. Nf3 d5 3. Nc3 dxe4 4. Nxe4 Nf6 5. Nxf6+ gxf6 6. d4 Nc6 7. c3 b6 8.
Bb5 Bb7 9. Be3 Rg8 10. Qa4 Qd7 11. d5 Qxd5 12. Rd1 a6 13. Rxd5 axb5 14. Qe4 Na5
15. Qxh7 Rxg2 16. Qh3 Bxd5 17. Qxg2 Nc4 18. Bf4 Rxa2 19. O-O Rxb2 20. Qg8 Ke7
21. Nd4 c5 22. Bc1 cxd4 23. Bxb2 Nxb2 24. cxd4 Nc4 25. Ra1 Na5 26. Qg3 Kd7 27.
Qb8 Bb4 28. Qxb6 Nc6 29. Qxb5 Bd6 30. Ra7+ Ke8 31. Ra8+ Kd7 32. Qb7+ Bc7 33.
Rc8 1-0

[Event "CAN-op"]
[Site "Regina CAN"]
[Date "2019.07.12"]
[Round "1.22"]
[White "Wang, Paul"]
[Black "Lin, Joey"]
[Result "1-0"]
[WhiteElo "1902"]
[BlackElo "1255"]
[PlyCount "87"]
[EventDate "2019.07.12"]
[EventType "swiss"]
[EventRounds "9"]
[EventCountry "CAN"]

1. e4 c5 2. Nf3 d6 3. d4 cxd4 4. Nxd4 Nf6 5. Nc3 a6 6. h3 e6 7. g4 Nc6 8. Be3
Qc7 9. g5 Nd7 10. f4 b5 11. a3 Bb7 12. Qd2 O-O-O 13. O-O-O Nc5 14. Bg2 Be7 15.
f5 Nxd4 16. Bxd4 h6 17. gxh6 gxh6 18. f6 Bf8 19. Qe2 h5 20. Kb1 Nd7 21. Rhg1 e5
22. Bf2 Nxf6 23. Bh4 Be7 24. Bf2 Nd7 25. Bf3 h4 26. Rg7 Rdf8 27. Bh5 Bf6 28.
Rxf7 Rxf7 29. Bxf7 Nf8 30. Bd5 Nd7 31. Bxb7+ Kxb7 32. Qd3 Be7 33. Nd5 Qd8 34.
Nxe7 Qxe7 35. Qxd6 Qxd6 36. Rxd6 Nb8 37. Kc1 Rh7 38. Rg6 Kc7 39. Rg4 Nd7 40.
Bxh4 Nc5 41. b4 Ne6 42. Kb2 Nf4 43. Bf6 Kd6 44. h4 1-0

[Event "CAN-op"]
[Site "Regina CAN"]
[Date "2019.07.13"]
[Round "2.1"]
[White "Cherniaev, Alexander"]
[Black "Demchenko, Kiril"]
[Result "1-0"]
[WhiteElo "2396"]
[BlackElo "2004"]
[PlyCount "71"]
[EventDate "2019.07.12"]
[EventType "swiss"]
[EventRounds "9"]
[EventCountry "CAN"]

1. d4 d5 2. Nf3 Nf6 3. c4 e6 4. g3 Be7 5. Bg2 O-O 6. O-O b6 7. cxd5 exd5 8. Nc3
Bb7 9. Bf4 Na6 10. Ne5 c5 11. Rc1 Nc7 12. dxc5 bxc5 13. Na4 Ne6 14. b3 Rc8 15.
Nd3 Ba8 16. Be5 Qa5 17. Nf4 Nxf4 18. Bxf4 Rfd8 19. Rc2 d4 20. Bxa8 Rxa8 21. Bg5
Rac8 22. Bxf6 Bxf6 23. Qd3 g6 24. Rfc1 Be7 25. Rc4 Rc7 26. Qc2 Qa6 27. b4 Rcd7
28. bxc5 d3 29. exd3 Rxd3 30. c6 Rd1+ 31. Rxd1 Rxd1+ 32. Kg2 Rd2 33. Qe4 Bd8
34. c7 Bxc7 35. Rxc7 Qd6 36. Qe8+ 1-0

[Event "CAN-op"]
[Site "Regina CAN"]
[Date "2019.07.13"]
[Round "2.2"]
[White "Ehab, Mohamed"]
[Black "Sohal, Tanraj"]
[Result "0-1"]
[WhiteElo "2008"]
[BlackElo "2241"]
[Annotator ",Microsoft"]
[PlyCount "57"]
[EventDate "2019.07.12"]
[EventType "swiss"]
[EventRounds "9"]
[EventCountry "CAN"]

1. c4 e6 2. Nf3 d5 3. g3 Nf6 4. Bg2 Be7 5. O-O O-O 6. b3 a5 7. d4 Na6 8. Nc3 b6
9. Ne5 Bb7 10. Bb2 Bd6 11. e3 Qe7 12. cxd5 Nxd5 13. Nxd5 exd5 14. Nc4 Rad8 15.
Nxd6 Qxd6 16. Re1 f5 17. a4 Qe6 18. Ba3 Rf7 19. Bf1 Nb8 20. Rc1 Ba6 21. Bxa6
Nxa6 22. Qd3 Nb8 23. Re2 c6 24. Rec2 Rc8 25. b4 axb4 26. Bxb4 Ra7 27. Qb3 Nd7
28. f3 h6 29. Re1 {Phone.} 0-1

[Event "CAN-op"]
[Site "Regina CAN"]
[Date "2019.07.13"]
[Round "2.3"]
[White "Zhao, Ian"]
[Black "Castillo, Rey"]
[Result "1-0"]
[WhiteElo "2198"]
[BlackElo "1965"]
[PlyCount "69"]
[EventDate "2019.07.12"]
[EventType "swiss"]
[EventRounds "9"]
[EventCountry "CAN"]

1. e4 g6 2. d4 Bg7 3. Nc3 d6 4. g3 Nd7 5. Bg2 e5 6. Nge2 Ngf6 7. O-O O-O 8. h3
a6 9. a4 Rb8 10. Be3 h6 11. Qd2 Kh7 12. Rad1 b6 13. f4 Bb7 14. g4 Qe8 15. dxe5
Ng8 16. exd6 c5 17. Ng3 Bc6 18. Rfe1 b5 19. axb5 axb5 20. e5 Qc8 21. Nd5 Qb7
22. Ne7 Bxg2 23. Qxg2 Rfe8 24. Qxb7 Rxb7 25. Nxg8 Kxg8 26. Ne4 c4 27. Nc5 Nxc5
28. Bxc5 Rd7 29. Rd5 Rb8 30. f5 gxf5 31. gxf5 Rdd8 32. e6 Bf6 33. e7 Bh4 34.
exd8=Q+ Rxd8 35. Re4 1-0

[Event "CAN-op"]
[Site "Regina CAN"]
[Date "2019.07.13"]
[Round "2.4"]
[White "Yao, Sammy"]
[Black "Haessel, Dale"]
[Result "0-1"]
[WhiteElo "1986"]
[BlackElo "2148"]
[PlyCount "111"]
[EventDate "2019.07.12"]
[EventType "swiss"]
[EventRounds "9"]
[EventCountry "CAN"]

1. c4 Nf6 2. g3 g6 3. Bg2 d5 4. Nf3 Bg7 5. cxd5 Nxd5 6. Nc3 Nxc3 7. bxc3 Nc6 8.
O-O O-O 9. d4 Na5 10. e4 c5 11. e5 Be6 12. Ng5 Bd5 13. Ne4 cxd4 14. cxd4 Rc8
15. Be3 Rc4 16. f4 f5 17. Nd2 Rc3 18. Qe2 Bxg2 19. Kxg2 Qd5+ 20. Qf3 Rd8 21.
Qxd5+ Rxd5 22. Kf2 Nc6 23. Nb3 Rc2+ 24. Kg1 e6 25. Rfc1 Re2 26. Re1 Rxe1+ 27.
Rxe1 Bf8 28. Rc1 Ba3 29. Rc4 Kf7 30. Ra4 Bb4 31. a3 Be7 32. Nc5 b6 33. Nb3 Rb5
34. Nd2 Na5 35. Kf2 Rb2 36. Ke1 Ra2 37. Nf3 h6 38. Bd2 Rxa3 39. Rxa3 Bxa3 40.
Bxa5 bxa5 41. Kd2 Ke7 42. Kd3 Kd7 43. Kc4 Kc6 44. Nh4 g5 45. fxg5 hxg5 46. Nf3
Be7 47. h4 gxh4 48. gxh4 a4 49. h5 a3 50. Kb3 Bf8 51. Ng5 Kd5 52. Ka2 f4 53.
Kb3 Bh6 54. Nf3 Ke4 55. d5 Kxd5 56. Kxa3 0-1

[Event "CAN-op"]
[Site "Regina CAN"]
[Date "2019.07.13"]
[Round "2.5"]
[White "Malek, Omid"]
[Black "Ma, Derek"]
[Result "1/2-1/2"]
[WhiteElo "2141"]
[BlackElo "1925"]
[PlyCount "98"]
[EventDate "2019.07.12"]
[EventType "swiss"]
[EventRounds "9"]
[EventCountry "CAN"]

1. d4 Nf6 2. Bf4 c5 3. d5 d6 4. Nc3 g6 5. e4 Bg7 6. Qd2 Nbd7 7. Nf3 a6 8. a4
Qa5 9. Bd3 b5 10. Nd1 Qxd2+ 11. Nxd2 b4 12. Nc4 a5 13. h3 Ba6 14. Nde3 O-O 15.
O-O Bxc4 16. Nxc4 Rfb8 17. Rad1 h6 18. Rfe1 Nh5 19. Bc1 Ne5 20. Nxe5 Bxe5 21.
g3 Nf6 22. Bb5 Rxb5 23. axb5 a4 24. c3 bxc3 25. bxc3 Bxc3 26. Re3 Bd4 27. Re2
h5 28. Ba3 Nd7 29. Bb2 Bxb2 30. Rxb2 Nb6 31. Rc1 Kg7 32. Kf1 Kf6 33. Ke2 Ra5
34. Rc3 Ke5 35. Ke3 Ra8 36. f4+ Kf6 37. Kd3 e6 38. dxe6 fxe6 39. e5+ Ke7 40.
exd6+ Kxd6 41. Ke4 c4 42. Kd4 Ra5 43. Rxc4 Nxc4 44. Kxc4 Kc7 45. Kc5 a3 46. Ra2
Kb7 47. Kb4 Kb6 48. Rxa3 Rxa3 49. Kxa3 Kxb5 1/2-1/2

[Event "CAN-op"]
[Site "Regina CAN"]
[Date "2019.07.13"]
[Round "2.6"]
[White "Gottuk, Stefan"]
[Black "Windram, James"]
[Result "1-0"]
[WhiteElo "2116"]
[BlackElo "1907"]
[PlyCount "117"]
[EventDate "2019.07.12"]
[EventType "swiss"]
[EventRounds "9"]
[EventCountry "CAN"]

1. d4 Nf6 2. Bf4 g6 3. Nc3 d5 4. e3 c6 5. Be2 Nbd7 6. Nf3 Bg7 7. Ne5 Nxe5 8.
Bxe5 O-O 9. h4 h5 10. Qd2 b5 11. f3 Nd7 12. Bxg7 Kxg7 13. Nd1 a5 14. Nf2 Nf6
15. O-O-O Qd6 16. Nd3 b4 17. Rdg1 Ba6 18. Nc5 Bxe2 19. Qxe2 e5 20. Qf2 exd4 21.
exd4 Qf4+ 22. Qd2 Qxd2+ 23. Kxd2 Rfe8 24. Re1 Kf8 25. Rxe8+ Nxe8 26. g4 Nd6 27.
b3 Ra7 28. Re1 Nb5 29. Kd3 hxg4 30. fxg4 Nc3 31. a3 Nb5 32. a4 Nd6 33. c3 bxc3
34. Kxc3 f5 35. Re6 Ne4+ 36. Nxe4 fxe4 37. Rxg6 Re7 38. Kd2 e3+ 39. Ke2 Re4 40.
h5 Kf7 41. g5 Rxd4 42. Kxe3 Rh4 43. Rf6+ Kg7 44. h6+ Kg8 45. Rxc6 d4+ 46. Kd3
Kh7 47. Ra6 Rh3+ 48. Kxd4 Rxb3 49. Rxa5 Rb4+ 50. Ke5 Rb6 51. Kf5 Rb8 52. Ra7+
Kg8 53. Rg7+ Kh8 54. Re7 Ra8 55. g6 Rb8 56. a5 Ra8 57. a6 Rb8 58. a7 Rg8 59.
Rh7# 1-0